Z jakim państwem ci się to kojarzy? - Statystyki

Ogólne statystyki
  • Ten quiz został rozwiązany 35 razy
  • Średni wynik to 43 z 53
Statystyki odpowiedzi
Hint Odpowiedź % Poprawnych
żurek Polska
100%
Vladimir Putin Rosja
100%
Washington Stany Zjednoczone
100%
anime Japonia
97%
sushi Japonia
97%
Oktoberfest Niemcy
97%
Adolf Hitler Niemcy
97%
Mcdonald's Stany Zjednoczone
97%
kanał La Manche Francja
94%
Karol Nawrocki Polska
94%
Syberia Rosja
94%
pizza Włochy
94%
Wieża Eiffla Francja
91%
Okinawa Japonia
91%
Hiroszima Japonia
91%
Angela Merkel Niemcy
91%
Volkswagen Niemcy
91%
Karkonosze Polska
91%
ZSRR Rosja
91%
Biały Dom Stany Zjednoczone
91%
otyłość Stany Zjednoczone
91%
Donald Trump Stany Zjednoczone
91%
Sycylia Włochy
91%
żaba Francja
88%
L'Oreal Francja
88%
Etna Włochy
88%
Krzywa Wieża Włochy
88%
makaron Włochy
88%
Renault Francja
85%
karate Japonia
85%
Wenezuela Stany Zjednoczone
85%
długowieczność Japonia
82%
manga Japonia
82%
autostrady bez limitu Niemcy
82%
Szlezwik-Holsztyn Niemcy
82%
mróz Rosja
82%
ślimak Francja
79%
Zagłębie Ruhry Niemcy
79%
Bollywood Indie
76%
slumsy Indie
76%
Fuji Japonia
76%
zapiekanka Polska
76%
wódka Polska
70%
Walmart Stany Zjednoczone
70%
Fiat Włochy
70%
mochi Japonia
58%
Jungkook Korea Południowa
55%
Nikon Japonia
52%
hiragana Japonia
52%
kimchi Korea Południowa
42%
BTS Korea Południowa
39%
Blackping Korea Południowa
39%
call-center Indie
24%
Nie znaleziono quizów pasujących do podanych kryteriów
Rozkład punktacji
Procent ludzi z każdym wynikiem
Percentyl według liczby udzielonych odpowiedzi
Twoja historia wyników
Nie rozwiązałeś tego quizu